Needs assessment: a user's guide

Guardado en:
Detalles Bibliográficos
Autores principales: Kaufman, Roger A (Autor), Rojas, Alicia M (Autor), Mayer, Hanna (Autor)
Formato: Libro
Lenguaje:inglés
Publicado: Englewood Cliffs Educational Tecnology Publications 1993
Materias:
Etiquetas: Agregar Etiqueta
Sin Etiquetas, Sea el primero en etiquetar este registro!

MARC

LEADER 00000nam a2200000 a 4500
001 UCT0397
003 CL-VaPUC
008 960830e19930000US |||||||||||||||||eng|d
082 0 4 |a 658.401  |b KAU  |2 21 
100 |a Kaufman, Roger A  |e author  |9 369049 
700 0 |a Rojas, Alicia M  |e author  |9 369050 
700 0 |a Mayer, Hanna  |e author  |9 369051 
245 1 0 |a Needs assessment: a user's guide 
300 |a 190 p 
942 |c BK 
945 |d 19960830 00:00:00  |a nastorga 
260 |a Englewood Cliffs  |b Educational Tecnology Publications  |c 1993 
650 0 |a Administración  |9 259325 
650 0 |a Planificación estratégica   |9 259735 
650 0 |a Operaciones administrativas  |9 335045 
650 0 |a Organización  |9 256369 
650 7 |a INFORMACION ADMINISTRATIVA  |2 CL-VaPUC  |9 369052 
583 |a last modification  |c 20130318 08:21:10  |k Rodrigo Vera 
999 |c 251401  |d 251399 
952 |0 0  |1 0  |4 0  |6 658_401000000000000_KAU_1993  |7 0  |8 A  |9 270517  |a BIBEDU  |b BIBEDU  |d 2019-11-19  |i 3225755  |o 658.401 KAU 1993  |p 3225755  |r 2019-11-19  |w 2019-11-19  |y BK  |k EDU